000 00719nam a2200217 i 4500
001 C2-0240050
003 PPAK
005 20180727202818.0
008 020713s xx |||| ||||| | eng d
040 _aPPAK
_beng
_cPPAK
_erda
082 0 4 _a959.5
_223
090 0 0 _a959.5
_bPER
_dKWI
245 0 0 _aPerlembagaan Persatuan Sejarah Malaysia = Constitution of the Malaysian Historical Society
264 1 _a[place of publication not identified] :
_b[publisher not identified] ,
_c[date of publication not identified]
300 _a(52 pages) ;
_c21 cm
336 _2rdacontent
_atext
337 _2rdamedia
_aunmediated
338 _2rdacarrier
_avolume
650 1 0 _aConstitution - Historical society
942 _ddc
_cB
999 _c55305
_d55305